000 00631nam a2200205Ia 4500
001 15140
003 GE_BSU
008 181216s||||||||xx |||||||||||||| ||und||
040 _cGE_BSU
080 _a821.353.1-32
100 _aლალიონი.
245 _aმოთხრობები.
245 _cარსენ.მამულაიშვილი. რედ. დემნა შენგელაია
260 _aთბილისი
260 _bსაბჭოთა მწერალი
260 _c1949
300 _a190გვ.19სმ.
653 _aმოთხრობები.
942 _cBK
999 _c48256
_d48256